Forbes - The worlds most powerful people - Statistics

General Stats
  • This quiz has been taken 428 times
  • The average score is 8 of 74
Answer Stats
Rank Citizenship Persons Name % Correct
1 Russia Vladimir Putin
93%
2 USA Barack Obama
92%
5 Germany Angela Merkel
70%
6 USA Bill Gates
57%
43 USA Bill Clinton
46%
11 UK David Cameron
40%
18 France Francois Hollande
28%
46 North Korea Kim Jong-un
28%
3 China Xi Jinping
28%
24 USA Mark Zuckerberg
26%
15 USA Jeff Bezos
19%
57 Japan Shinzo Abe
18%
13 USA Warren Buffett
16%
47 USA Elon Musk
14%
26 Israel Benjamin Netanyahu
13%
21 India Sonia Gandhi
11%
20 Brazil Dilma Rousseff
9%
53 Russia Dmitry Medvedev
8%
32 South Korea Ban Ki-moon
7%
17 USA Larry Page
7%
28 India Manmohan Singh
7%
9 Italy Mario Draghi
7%
19 USA Timothy Cook
7%
23 Iran Ali Hoseini-Khamenei
6%
31 USA Charles Koch
6%
31 USA David Koch
6%
52 South Korea Geun-hye Park
6%
33 USA Rupert Murdoch
6%
17 USA Sergey Brin
6%
37 Mexico Enrique Pena Nieto
5%
72 USA Janet Yellen
5%
29 USA Michael Bloomberg
5%
38 India Mukesh Ambani
5%
35 France Christine Lagarde
4%
66 USA John Boehner
4%
62 USA John Roberts
4%
7 USA Ben Bernanke
3%
54 France Bernard Arnault
3%
12 Mexico Carlos Slim Helu
3%
69 Switzerland Joseph Blatter
3%
51 India Lakshmi Mittal
3%
14 China Li Keqiang
3%
59 China Margaret Chan
3%
44 Japan Akio Toyoda
2%
22 USA Jamie Dimon
2%
25 USA Jeffrey Immelt
2%
58 USA Larry Ellison
2%
42 USA Larry Fink
2%
30 Hong Kong (China) Li Ka-shing
2%
16 USA Rex Tillerson
2%
8 Saudi Arabia Abdullah bin Abdul Aziz Al Saud
1%
40 Saudi Arabia Ali Al-Naimi
1%
64 Nigeria Aliko Dangote
1%
63 Russia Alisher Usmanov
1%
55 USA Bill Gross
1%
39 Japan Haruhiko Kuroda
1%
60 Russia Igor Sechin
1%
68 USA Jill Abramson
1%
50 USA Jim Yong Kim
1%
34 UAE (United Arab Emirates) Khalifa bin Zayed Al-Nahyan
1%
41 South Korea Lee Kun-Hee
1%
27 USA Lloyd Blankfein
1%
49 Germany Martin Winterkorn
1%
45 Japan Masayoshi Son
1%
10 USA Michael Duke
1%
71 UK Mohammed Ibrahim
1%
4 Argentina Pope Franciscus
1%
65 USA Reid Hoffman
1%
61 China Robin Li
1%
48 Taiwan Terry Gou
1%
56 USA Virginia Rometty
1%
36 China Xuedong Ding
1%
70 Norway Yngve Slyngstad
1%
67 Mexico Joaquin Guzman Loera
0%
No matching quizzes found
Score Distribution
Percent of People with Each Score
Percentile by Number Answered
Your Score History
You have not taken this quiz